000 00778caa a22001817a 4500
999 _c443035
_d443035
003 UA-OsUOA
005 20191202152015.0
008 191202b un ||||| |||| 00| 0 ukr d
040 _aUA-OsUOA
_bukr
_cUA-OsUOA
_dUA-OsUOA
041 _aukr
080 _a908
090 _a908
100 _aМіцинська О.
245 _aОстрозька академія і просвітителі роду Смотрицьких
_cТ. Міцинська
300 _aС. 467–474
773 0 _0366895
_9390170
_dОстрог Свинарчук Р. В. 2011
_o136211
_tІсторія музейництва, пам'яткоохоронної справи, краєзнавства і туризму в м. Острозі і на Волині
_w(UA-OsUOA) 80586
942 _2udc
_cBKA